Heat transfer (Record no. 3641)

000 -LEADER
fixed length control field 00564nam a2200229 a 4500
001 - CONTROL NUMBER
control field 3641
003 - CONTROL NUMBER IDENTIFIER
control field BD-DhUET
008 - FIXED-LENGTH DATA ELEMENTS--GENERAL INFORMATION
fixed length control field 960506s1997 nyua b 001 0 eng
020 ## - INTERNATIONAL STANDARD BOOK NUMBER
International Standard Book Number 0071143203
020 ## - INTERNATIONAL STANDARD BOOK NUMBER
International Standard Book Number 0078447852
040 ## - CATALOGING SOURCE
Original cataloging agency DLC
Transcribing agency DLC
Modifying agency BD-DhUET
082 00 - DEWEY DECIMAL CLASSIFICATION NUMBER
Classification number 621.011
Item number HOL/1997
100 1# - MAIN ENTRY--PERSONAL NAME
Personal name Holman, J. P.
245 10 - TITLE STATEMENT
Title Heat transfer
250 ## - EDITION STATEMENT
Edition statement 8th ed.
260 ## - PUBLICATION, DISTRIBUTION, ETC. (IMPRINT)
Place of publication, distribution, etc. New York
Name of publisher, distributor, etc. McGraw-Hill
Date of publication, distribution, etc. 1997
300 ## - PHYSICAL DESCRIPTION
Extent xviii, 696 p.
Other physical details ill.
490 ## - SERIES STATEMENT
Series statement Schaum's outline series
504 ## - BIBLIOGRAPHY, ETC. NOTE
Bibliography, etc Includes bibliographies
650 #0 - SUBJECT ADDED ENTRY--TOPICAL TERM
Topical term or geographic name as entry element Heat transfer
942 ## - ADDED ENTRY ELEMENTS (KOHA)
Koha item type General Book
Holdings
Koha item type Date acquired Shelving location Koha out on loan Sublocation or collection (holding branch) Koha full call number Source of classification or shelving scheme Damaged status Location (home branch) Piece designation (barcode) Koha issues (times borrowed) Price effective from Koha date last borrowed Withdrawn status Not for loan Koha normalized classification for sorting Lost status Copy number Koha date last seen
General Book2014-11-03Circulation section2025-05-11Central Library, BUET621.011/HOL/1997  Central Library, BUET9245032014-11-032025-04-27  621_011000000000000_HOL_1997 12025-04-27
General Book2014-11-03Circulation section Central Library, BUET621.011/HOL/1997  Central Library, BUET92452 2014-11-03   621_011000000000000_HOL_1997 22014-11-03
General Book2014-11-03Circulation section Central Library, BUET621.011/HOL/1997  Central Library, BUET92453 2014-11-03   621_000000000000000_011HOL1997 32016-07-30
General Book2014-11-03Circulation section Central Library, BUET621.011/HOL/1997  Central Library, BUET9245412014-11-032022-01-09  621_000000000000000_011HOL1997 42022-06-08
General Book2014-11-03Circulation section Central Library, BUET621.011/HOL/1997  Central Library, BUET9245522014-11-032024-10-02  621_000000000000000_011HOL1997 52024-10-28
General Book2014-11-03Circulation section Central Library, BUET621.011/HOL/1997  Central Library, BUET9245732014-11-032023-12-10  621_000000000000000_011HOL1997 62024-08-31
General Book2014-11-03Circulation section Central Library, BUET621.011/HOL/1997  Central Library, BUET92459 2014-11-03   621_000000000000000_011HOL1997 72014-11-03
General Book2014-11-03Circulation section Central Library, BUET621.011/HOL/1997  Central Library, BUET9246012014-11-032024-03-12  621_011000000000000_HOL_1997 82024-08-28
General Book2014-11-03Circulation section Central Library, BUET621.011/HOL/1997  Central Library, BUET9246112014-11-032024-04-08  621_000000000000000_011HOL1997 92024-06-22
General Book2014-11-03Circulation section Central Library, BUET621.011/HOL/1997  Central Library, BUET9246252014-11-032024-12-10  621_000000000000000_011HOL1997 102025-03-12
General Book2014-11-03Circulation section Central Library, BUET621.011/HOL/1997  Central Library, BUET9246412014-11-032015-03-04  621_000000000000000_011HOL1997 112017-05-03
General Book2014-11-03Circulation section Central Library, BUET621.011/HOL/1997  Central Library, BUET9246532014-11-032019-06-17  621_000000000000000_011HOL1997 122019-07-10
General Book2014-11-03Circulation section Central Library, BUET621.011/HOL/1997  Central Library, BUET9246632014-11-032022-05-24  621_000000000000000_011HOL1997 132022-06-08
General Book2015-04-12Circulation section Central Library, BUET621.011 HOL/1997  Central Library, BUET92468 2015-04-12   621_011000000000000_HOL_1997 142015-04-12
Reading Item2015-07-02Reading section Central Library, BUET621.011/HOL/1997  Central Library, BUET92447 2015-07-02   621_011000000000000_HOL_1997 152015-07-02
Reading Item2015-07-09Reading section Central Library, BUET621.011/HOL/1997  Central Library, BUET92446 2015-07-09   621_011000000000000_HOL_1997 162015-07-09